Library Banner

Intelligible life (Record no. 62909)

MARC details
000 -LEADER
fixed length control field 00487nam a2200193Ia 4500
001 - CONTROL NUMBER
control field 62481
008 - FIXED-LENGTH DATA ELEMENTS--GENERAL INFORMATION
fixed length control field 141119s9999 xx 000 0 und d
020 ## - INTERNATIONAL STANDARD BOOK NUMBER
International Standard Book Number 9789646608689
040 ## - CATALOGING SOURCE
Transcribing agency PK-LaUMT
082 ## - DEWEY DECIMAL CLASSIFICATION NUMBER
Classification number 297.4
Item number INT-
100 ## - MAIN ENTRY--PERSONAL NAME
Personal name Naderlew, Beytollah
245 ## - TITLE STATEMENT
Title Intelligible life
Statement of responsibility, etc Naderlew, Beytollah|Seema Arif
260 ## - PUBLICATION, DISTRIBUTION, ETC. (IMPRINT)
Place of publication, distribution, etc Tehran,Iran:
Name of publisher, distributor, etc The Allameh Jafari Institute,
Date of publication, distribution, etc 2013
300 ## - PHYSICAL DESCRIPTION
Extent 185 p.
546 ## - LANGUAGE NOTE
Language note EN
650 ## - SUBJECT ADDED ENTRY--TOPICAL TERM
Topical term or geographic name as entry element Sufi
700 ## - ADDED ENTRY--PERSONAL NAME
Personal name Seema Arif
942 ## - ADDED ENTRY ELEMENTS (KOHA)
Koha item type Books
Holdings
Withdrawn status Lost status Source of classification or shelving scheme Damaged status Not for loan Home library Current library Date acquired Total Checkouts Full call number Barcode Date last seen Price effective from Koha item type Date checked out
    Dewey Decimal Classification     UMT Main Campus UMT Main Campus 2014-11-18   297.4 INT- 82974 2014-11-20 2014-11-20 Books  
    Dewey Decimal Classification     UMT Main Campus UMT Main Campus 2014-11-25 1 297.4 INT- 82975 2018-09-12 2014-11-25 Books 2018-08-29